00609nam a22001937a 4500999001900000005001700019010001300036020001200049035001400061037001300075082001200088100001600100245006500116260003900181270002300220300002400243942002600267952012200293 c165591d16559120220418161841.0 aB-125723 c1199.00 aEN-109255 bDBAD/PUB a652.406 aHayes, John aThe theory and practice of change management/cby John Hayes aNew YorkbPalgrave Macmillanc2014 aNew YorkbNew York avii,256p.c22cm(Hb) 2ddccENh658.406mHAY 001040708NFICaLbLd2019-06-24eDBAD/PUBg1199.00l0o658.406 HAYpEN-109255r2019-06-24 00:00:00t1v1199.00yEN